• 首页
  • 本馆介绍
  • 公告通知
  • 最新文献
  • 馆藏检索
  • 电子资源
  • 读者导购
  • 参考咨询
  • 我的图书馆
  • 登录
  • 详细信息显示
  • 放入我的书架
  • 预约/预借图书
  • 作者相关作品
  • 分类相关作品
  • 丛书相关作品
  • 出版社相关作品

书目信息

  • 表格格式
  • 工作单格式
  • 卡片格式
题名:
软件测试
    
 
作者: 乔根森 著 ;马琳 , 李海峰 译
分册:  
出版信息: 北京   机械工业出版社  2017.10
页数: 12, 324页
开本: 26cm
丛书名: 计算机科学丛书
单 册:
中图分类: TP311.562
科图分类:
主题词: 软件工具--ruan jian gong ju--测试--教材
电子资源:
ISBN: 978-7-111-58131-4
000 01449nam 2200325 450
001 0106081836
005 20201106082045.0
010    @a978-7-111-58131-4@dCNY79.00
100    @a20201104e20202017em y0chiy50 ea
101 1  @achi@ceng
102    @aCN@b110000
105    @ay z 000yy
106    @ar
200 1  @a软件测试@Aruan jian ce shi@dSoftware testing@e一个软件工艺师的方法@ea craftsman's approach@f(美)保罗·C. 乔根森(Paul C. Jorgensen)著@g马琳,李海峰译@zeng
210    @a北京@c机械工业出版社@d2017.10@h2020.04
215    @a12, 324页@d26cm
225 2  @a计算机科学丛书@Aji suan ji ke xue cong shu
300    @a华章教育
305    @a据原书第4版译出 由Taylor & Francis出版集团旗下CRC出版公司翻译出版
330    @a本书是经典的软件测试教材,也可作为软件测试者、开发者和工程师的参考书。书中对基础知识、方法提供了系统的综合阐述,既涉及基于模型的开发,又介绍了测试驱动的开发,做到了理论与实践的完美结合,反映了软件标准和开发的最新进展和变化。
461  0 @12001 @a计算机科学丛书
510 1  @aSoftware testing@ea craftsman's approach@zeng
517 1  @a一个软件工艺师的方法@Ayi ge ruan jian gong yi shi de fang fa
606 0  @a软件工具@Aruan jian gong ju@x测试@j教材
690    @aTP311.562@v5
701  0 @c(美)@a乔根森@Aqiao gen sen@c(Jorgensen, Paul C.)@4著
702  0 @a马琳@Ama lin@4译@c(女,@f1967~)
702  0 @a李海峰@Ali hai feng@4译@f(1969~)
801  0 @aCN@bBJSZM@c20201106
905    @b1192832-5@dTP311.562@e1525@f4
    
    软件测试=Software testing:一个软件工艺师的方法:a craftsman's approach/(美)保罗·C. 乔根森(Paul C. Jorgensen)著/马琳,李海峰译.-北京:机械工业出版社,2017.10(2020.04)
    12, 324页;26cm.-(计算机科学丛书)
    华章教育
    
    ISBN 978-7-111-58131-4:CNY79.00
    本书是经典的软件测试教材,也可作为软件测试者、开发者和工程师的参考书。书中对基础知识、方法提供了系统的综合阐述,既涉及基于模型的开发,又介绍了测试驱动的开发,做到了理论与实践的完美结合,反映了软件标准和开发的最新进展和变化。
●
相关链接 在E读中查询图书 在五车中查询图书 在当当中查询图书 在豆瓣中查询图书


正题名:软件测试     索取号:TP311.562/1525         预约/预借

序号 登录号 条形码 馆藏地/架位号 状态 备注
1 1192832   211928324   第二样本阅览室/ [索取号:TP311.562/1525] 在馆    
2 1192833   211928333   第三借阅区/ [索取号:TP311.562/1525] 在馆    
3 1192834   211928342   第三借阅区/ [索取号:TP311.562/1525] 在馆    
4 1192835   211928351   第三借阅区/ [索取号:TP311.562/1525] 在馆    
唐山师范学院图书馆 欢迎您!
大连网信软件有限公司© 版权所有